=LDR 00000nam 2200000 4500 =001 INLIS000000000043580 =005 20250326100250 =035 ##$$a 0010-101300000001502 =008 250326################g##########0#ind## =041 ##$$a ind =082 ##$$a F Rom K =090 ##$$a F.Rom.K, Asi b =100 ##$$a Asiza, Fahri =245 1#$$a Bunga-bunga kertas, Fahri Asiza /$c Fahri Asiza =260 ##$$a Jakarta :$b Gema Insani,$c 2004 =300 ##$$a 98 hlm, ilus, 21 cm : $b ilus ; $c 19 x 13 cm =650 #4$$a Fiksi Anak-anak =850 ##$$a NBPNMAT =020 ##$$a 979-561-908-X =084 ##$$a F ROM K Asi b =990 ##$$a 03700370 =990 ##$$a 20605946